|
|
|
|
| LEADER |
00000nam a2200000 a 4500 |
| 001 |
vtls008299881 |
| 003 |
SK-MaSNL |
| 005 |
20260301020046.0 |
| 008 |
240315 2005 gw a c 000 m ger |
| 020 |
|
|
|a 3570129039
|q (viaz.)
|
| 035 |
|
|
|a B0249753-D50F-4D6F-9693-70666DA64E94
|
| 035 |
|
|
|a urn:nbn:sk:snk-am3h52r
|
| 035 |
|
|
|a urn:nbn:sk:snk-am00cnsh
|
| 040 |
|
|
|a SNK
|b slo
|c SNK
|e AACR2
|
| 041 |
1 |
|
|a ger
|h dan
|
| 044 |
|
|
|a gw
|
| 072 |
|
7 |
|a 821.11
|x Germánske literatúry
|2 konspekt
|
| 080 |
|
|
|a 821.113.4-97
|2 snkbuxs
|
| 080 |
|
|
|a 821.113.4-3(0.053.2)
|2 snkbuxs
|
| 100 |
1 |
|
|a Andersen, Hans Christian,
|d 1805-1875
|4 aut
|9 243296
|
| 245 |
1 |
0 |
|a Märchen
|c Hans Christian Andersen ; [Illustrationen von Kamila Štanclová und Dušan Kállay]
|
| 250 |
|
|
|a 1. Aufl.
|
| 260 |
|
|
|a München
|b Cbj
|c c2005
|
| 300 |
|
|
|a 543 s.
|b fareb. ilustr.
|c 30 cm
|
| 500 |
|
|
|a Preložené z dánčiny do nem.
|
| 650 |
0 |
7 |
|a autorské rozprávky, dánske
|2 snkph
|9 65599
|
| 650 |
0 |
7 |
|a literatúra pre deti
|2 snkph
|9 55721
|
| 655 |
|
7 |
|a umelecká literatúra
|2 snkph
|9 60405
|
| 700 |
1 |
|
|a Štanclová, Kamila,
|d 1945-
|4 ill
|9 116695
|
| 700 |
1 |
|
|a Kállay, Dušan,
|d 1948-
|4 ill
|9 93799
|
| 919 |
|
|
|a 3-570-12903-9
|
| 958 |
|
|
|a ZS
|
| 958 |
|
|
|a LX
|
| 958 |
|
|
|a UP
|
| 958 |
|
|
|a DE
|
| 958 |
|
|
|a DB
|
| 999 |
|
|
|c 562147
|d 564077
|
| 952 |
|
|
|a SNK
|b SNK
|y PREZ
|7 0
|p 17A0489078
|o snkSB 71235
|i snk2005/18466
|8 2
|g 49.96
|0 0
|1 0
|4 0
|d 2005-09-28
|f 1
|l 0
|r 2025-04-23 00:00:00
|w 2026-02-23
|